Výroba závitu na vybranej súčiastke

Guardado en:
Detalles Bibliográficos
Autor principal: Vyskoč, Kamil (Autor)
Otros Autores: Jurina, František (Orientador)
Formato: Manuscrito Libro
Lenguaje:eslovaco
Publicado: 2020
Materias:
Acceso en línea:http://is.stuba.sk/zp/portal_zp.pl?podrobnosti=160272
Etiquetas: Agregar Etiqueta
Sin Etiquetas, Sea el primero en etiquetar este registro!

MARC

LEADER 00000ntm a22000003a 4500
001 stuzp78311
003 SK-STU
005 20200718210748.1
007 ta
008 150427s2015----xo-----f-mn---000-0-slo-d
040 |a STU  |b slo 
041 0 |a slo 
100 1 |a Vyskoč, Kamil  |u 063000  |4 aut  |U MTF Materiálovotechnologická fakulta  |T MTF Ústav výrobných technológií  |X 91575  |U M3000  |Y 83  |7 91575 
242 0 1 |a Thread manufacture on selected part  |y eng 
245 1 0 |a Výroba závitu na vybranej súčiastke 
260 |c 2020 
650 4 |a obrábanie  |2 slo 
650 4 |a tvárnenie  |2 slo 
650 4 |a netradičné spôsoby výroby  |2 slo 
650 4 |a CA systémy  |2 slo 
650 4 |a závit  |2 slo 
650 4 |a thread  |2 eng 
650 4 |a forming  |2 eng 
650 4 |a non-traditional production methods  |2 eng 
650 4 |a manufacturing  |2 eng 
650 4 |a CA systems  |2 eng 
700 1 |a Jurina, František  |u 063000  |k Z3  |4 ths  |U MTF Materiálovotechnologická fakulta  |T MTF Ústav výrobných technológií  |X 46002  |U M3000  |Y 83  |7 A000046002 
856 4 |u http://is.stuba.sk/zp/portal_zp.pl?podrobnosti=160272 
996 |c M* BP-9014  |l MMSKP  |s P  |a 0  |w stuzp78311_0001